00399nam a22001337a 4500003000400000005001700004008004100021040002200062082002200084100003500106245006500141260004100206300001800247OSt20220916173913.0220916b |||||||| |||| 00| 0 eng d cBiblioteca Lado V a709.809.04bF246c aFarrington, Carolineecuradora aCross-cultural currents in contemporary Latin American Arts/ aInglaterrabTe British Counsilc1992 a52p.c21x30cm